POLITICAL WORKS OF SIR WALTER SCOTT BARNET. (Record no. 685632)

MARC details
000 -LEADER
fixed length control field 00507nam a2200181Ia 4500
008 - FIXED-LENGTH DATA ELEMENTS--GENERAL INFORMATION
fixed length control field 100920s9999 xx 000 0 und d
082 ## - DEWEY DECIMAL CLASSIFICATION NUMBER
Item number 30148
Classification number 370 ढ 23
100 ## - MAIN ENTRY--PERSONAL NAME
Personal name ---
245 ## - TITLE STATEMENT
Title POLITICAL WORKS OF SIR WALTER SCOTT BARNET.
260 ## - PUBLICATION, DISTRIBUTION, ETC. (IMPRINT)
Name of publisher, distributor, etc ---
Date of publication, distribution, etc 1823
300 ## - PHYSICAL DESCRIPTION
Extent 320
Other physical details साधी
365 ## - TRADE PRICE
Price amount 0
520 ## - SUMMARY, ETC.
Summary, etc ई.एल.ए.
630 ## - SUBJECT ADDED ENTRY--UNIFORM TITLE
Uniform title POLITICAL WORKS OF SIR WALTER SCOTT BARNET.
650 ## - SUBJECT ADDED ENTRY--TOPICAL TERM
Topical term or geographic name as entry element ई.एल.ए.
730 ## - ADDED ENTRY--UNIFORM TITLE
Uniform title POLITICAL WORKS OF SIR WALTER SCOTT BARNET.
942 ## - ADDED ENTRY ELEMENTS (KOHA)
Koha item type Book
Holdings
Withdrawn status Lost status Damaged status Not for loan Home library Current library Shelving location Date acquired Cost, normal purchase price Total Checkouts Barcode Date last seen Price effective from Koha item type Public note
        Shri Chhatrapati Pratapsinh Maharaj ( Thorle) Nagar Vachanalaya, Satara Shri Chhatrapati Pratapsinh Maharaj ( Thorle) Nagar Vachanalaya, Satara     0.00   SATVAC-30148 09/20/2010 09/20/2010 Book देवघेव